| 000 | 00760cab a22002295a 4500 | ||
|---|---|---|---|
| 001 | L159854 | ||
| 008 | 150113e2017 xxk 000 0 eng d | ||
| 035 | _a(Sirsi) u159854 | ||
| 041 | 0 | _aeng | |
| 050 | _218 | ||
| 100 | 1 | _aWoudman, Kevin | |
| 245 | 0 | 0 |
_aAsk an expert _h[electronic resource] |
| 260 |
_aLondon _bRICS _c2017 |
||
| 490 |
_aRICS Building Surveying Journal _vJuly - August 2017, 20(1) |
||
| 520 | _aExplains how independent experts can offer an effective way of resolving disputes. | ||
| 650 | 2 | 4 |
_aExpert witness _96239 |
| 651 | 4 |
_aUnited Kingdom _y |
|
| 690 |
_aDispute resolution _96236 |
||
| 856 | 4 | 0 |
_uhttps://issuu.com/ricsmodus/docs/building_surveying_journal_july___a _z _yAvailable free online via Issuu |
| 856 | 4 | 0 |
_u _z |
| 942 | _n0 | ||
| 999 |
_c85017 _d85017 |
||